000 00803nam a2200253Ia 4500
003 OSt
005 20220923224111.0
006 a|||||r|||| 00| 0
007 ta
008 220922b |||||||| |||| 00| 0 hin d
024 _a225,658
037 _cTextual
040 _aARTS
_cARTS
_bhin
041 _2hin
_ahin
082 _aO152,1N35,1, K6
100 _aमिश्र, जंयती प्रसाद
245 0 _aमाहिष्मती
246 _aMāhiṣhmatī
260 _aदिल्ली
_b श्याम प्रकाशन
_c1966
300 _a95पृ.
_ccm.
650 _aहिन्दी साहित्य
_9156264
942 _hO152,1N35,1, K6
_cTEXL
_2CC
999 _c369240
_d369240